| 000 | 00357nam a2200133Ia 4500 | ||
|---|---|---|---|
| 008 | 231129s1972||||xx |||||||||||||| ||spa|| | ||
| 040 | _bspa | ||
| 082 | _aU813.54 W187f | ||
| 100 | _aWallace Irving | ||
| 245 | 0 | _aEl fabuloso empresario (la vida y la epoca de P. T. Barnum) | |
| 260 | _c1972 | ||
| 264 | _aBarcelona EspaƱa: Grijalbo | ||
| 942 |
_2ddc _cBKS |
||
| 999 |
_c11067 _d11067 |
||